Computer systems in work design--the ETHICS method : (Record no. 15015)

000 -LEADER
fixed length control field 00601pam a2200181 i 4500
020 ## - INTERNATIONAL STANDARD BOOK NUMBER
ISBN 0470266562
040 ## - CATALOGING SOURCE
Transcribing agency DLC
082 00 - DEWEY DECIMAL CLASSIFICATION NUMBER
Classification number 658 WIL 1979 A054 Or.
100 1# - MAIN ENTRY--AUTHOR NAME
Personal name Mumford, Enid.
245 10 - TITLE STATEMENT
Title Computer systems in work design--the ETHICS method :
Remainder of title effective technical and human implementation of computer systems : a work design exercise book for individuals and groups /
260 ## - PUBLICATION, DISTRIBUTION, ETC. (IMPRINT)
Place of publication New York :
Name of publisher Wiley,
Year of publication 1979.
300 ## - PHYSICAL DESCRIPTION
Number of Pages viii, 314 p. :
Other physical details ill. ;
Dimensions 23 cm.
500 ## - GENERAL NOTE
General note "A Halsted Press book."
500 ## - GENERAL NOTE
General note Includes index.
650 #0 - SUBJECT ADDED ENTRY--TOPICAL TERM
Topical Term Work design
700 1# - ADDED ENTRY--PERSONAL NAME
Personal name Weir, Mary,
942 ## - ADDED ENTRY ELEMENTS (KOHA)
Koha item type សៀវភៅភាសាអង់គ្លេស
952 ## - LOCATION AND ITEM INFORMATION (KOHA)
Withdrawn status [LOCAL, KOHA] 0
Holdings
Permanent Location Date acquired Koha item type Lost status Shelving location Barcode Current Location Full call number
Library Block A2017-11-02សៀវភៅភាសាអង់គ្លេស A054A28110Library Block A658 WIL 1979 A054 Or.
មជ្ឈមណ្ឌលឯការនៃសាកលវិទ្យាល័យភូមិន្ទកសិកម្មចំការដូង

Powered by Koha